zpět

Detail výsledku týmu

Eden, Heřmanův Městec

Datum a čas kvízu

28 Celkem bodů Celkový počet nahraných bodů na tomto kvízu bez doplňovacích otázek.
3. Pořadí na kvízu Konečné umístění týmu na tomto kvízu.

Zaznamenané odpovědi

# Otázka Odpověď Body Výsledky
1. U jednoho nově otevřeného obch... pro ženy 0
2. Britský královský pár minulou... Řím 0
3. Po více než třiceti letech se... Karavan 0
4. Ve středu jsme se dozvěděli, ž... MARS (4×4) 0
5. Obhajoba titulu v Lize mistrů... Arsenal FC, 0:3 0
6. Termín Velikonoc, tedy neděle... v Turecku 1
7. S Velikonocemi je spojena řada... o kříž 0
8. Velký pátek je v České republi... 2016 (2015–2017) 0
9. Dny, které jsou nějak spojené... 1B 2C 3A 4D 1
10. Australané nejsou vzhledem k t... bandikut (králíkovitý) 0